Fr. Conceicao Rodrigues College of Engineering

Blockchain for begineers (Record no. 32987)

MARC details
000 -LEADER
fixed length control field 00346nam a2200169Ia 4500
082 ## - DEWEY DECIMAL CLASSIFICATION NUMBER
Classification number 5.76
Item number YAT
100 ## - MAIN ENTRY--PERSONAL NAME
Personal name Yathish R/ Tejaaswini/N
245 ## - TITLE STATEMENT
Title Blockchain for begineers
260 ## - PUBLICATION, DISTRIBUTION, ETC.
Name of publisher, distributor, etc. Shroff
Date of publication, distribution, etc. 2019
366 ## - TRADE AVAILABILITY INFORMATION
Publishers's discount category 22
300 ## - PHYSICAL DESCRIPTION
Extent 127
546 ## - LANGUAGE NOTE
Language note ENGLISH
650 ## - SUBJECT ADDED ENTRY--TOPICAL TERM
Topical term or geographic name entry element Blockchain
654 ## - SUBJECT ADDED ENTRY--FACETED TOPICAL TERMS
Focus term blockchain
942 ## - ADDED ENTRY ELEMENTS (KOHA)
Koha item type BOOK
Holdings
Withdrawn status Lost status Damaged status Not for loan Collection Home library Current library Date acquired Source of acquisition Cost, normal purchase price Inventory number Total Checkouts Full call number Barcode Date last seen Date last checked out Cost, replacement price Price effective from Koha item type
        CRC Fr. Agnel's C.Rodrigues College of Engineering AGNEL TECHNICAL COLLEGE LIBRARY 17/03/2023 A.O enterprises 312.00 148 2 5.76 YAT 25975 13/11/2024 08/11/2024 400.00   BOOK
        CRC Fr. Agnel's C.Rodrigues College of Engineering AGNEL TECHNICAL COLLEGE LIBRARY 17/03/2023 A.O enterprises 312.00 148 1 5.76 YAT 25976 08/07/2025 13/05/2025 400.00   BOOK
        CRC Fr. Agnel's C.Rodrigues College of Engineering AGNEL TECHNICAL COLLEGE LIBRARY 17/03/2023 A.O enterprises 312.00 148 2 5.76 YAT 25978 20/01/2025 01/07/2024 400.00   BOOK
        CRC Fr. Agnel's C.Rodrigues College of Engineering Fr. Agnel's C.Rodrigues College of Engineering 17/03/2023 A.O enterprises 312.00 148 1 5.76 YAT 25974 13/08/2024 30/07/2024 400.00   BOOK
        CRC Fr. Agnel's C.Rodrigues College of Engineering Fr. Agnel's C.Rodrigues College of Engineering 17/03/2023 A.O enterprises 312.00 148   5.76 YAT 25977 17/03/2023   400.00   BOOK